000 00665nam a2200253Ia 4500
003 OSt
005 20220918225429.0
006 a|||||r|||| 00| 0
007 ta
008 220917b |||||||| |||| 00| 0 eng d
024 _a241,647
037 _cTextual
040 _aARTS
_cARTS
_beng
041 _2eng
_aeng
082 _aO41,1x, 111J1;P0
100 _aTzu Lao
245 0 _aTao Teh Ching
260 _aBoston
_bShambhala
_c2000
300 _a165p.
_ccm.
650 _aENGLISH LITERATURE
700 _a Wu John C. H. Tr.
_9150406
942 _hO41,1x, 111J1;P0
_cTEXL
_2CC
999 _c284644
_d284644